<?xml version="1.0" encoding="UTF-8"?>
<record
    xmlns:xsi="http://www.w3.org/2001/XMLSchema-instance"
    xsi:schemaLocation="http://www.loc.gov/MARC21/slim http://www.loc.gov/standards/marcxml/schema/MARC21slim.xsd"
    xmlns="http://www.loc.gov/MARC21/slim">

  <leader>00746nam a22002531a 4500</leader>
  <controlfield tag="001">000061317</controlfield>
  <controlfield tag="005">20200120223953.0</controlfield>
  <controlfield tag="008">130212s2013    ck a   er     001 p spa  </controlfield>
  <datafield tag="020" ind1=" " ind2=" ">
    <subfield code="a">9789584237248</subfield>
  </datafield>
  <datafield tag="020" ind1=" " ind2=" ">
    <subfield code="a">9584237241</subfield>
  </datafield>
  <datafield tag="041" ind1="1" ind2=" ">
    <subfield code="a">Dspa</subfield>
  </datafield>
  <datafield tag="090" ind1=" " ind2=" ">
    <subfield code="a">AP</subfield>
    <subfield code="b">GIB</subfield>
  </datafield>
  <datafield tag="100" ind1="1" ind2=" ">
    <subfield code="a">Gibran, Hajjar</subfield>
    <subfield code="d">1950-</subfield>
  </datafield>
  <datafield tag="245" ind1="1" ind2="3">
    <subfield code="a">El retorno del profeta /</subfield>
    <subfield code="c">Hajjar Gibran ; traducci&#xF3;n de Merc&#xE9; Boll&#xF3; Puerta.</subfield>
  </datafield>
  <datafield tag="250" ind1=" " ind2=" ">
    <subfield code="a">1a. ed.</subfield>
  </datafield>
  <datafield tag="260" ind1=" " ind2=" ">
    <subfield code="a">Bogot&#xE1; :</subfield>
    <subfield code="b">Ediciones Ceac,</subfield>
    <subfield code="c">2013.</subfield>
  </datafield>
  <datafield tag="300" ind1=" " ind2=" ">
    <subfield code="a">127 p. :</subfield>
    <subfield code="b">il. ;</subfield>
    <subfield code="c">21 cm.</subfield>
  </datafield>
  <datafield tag="500" ind1=" " ind2=" ">
    <subfield code="a">Incluye &#xED;ndice</subfield>
  </datafield>
  <datafield tag="650" ind1="0" ind2=" ">
    <subfield code="a">Literatura estadounidense</subfield>
    <subfield code="y">Siglo XX-XXI</subfield>
  </datafield>
  <datafield tag="650" ind1="1" ind2="7">
    <subfield code="a">Poes&#xED;a adulto</subfield>
  </datafield>
  <datafield tag="650" ind1="2" ind2="7">
    <subfield code="a">Literatura adulto</subfield>
  </datafield>
  <datafield tag="650" ind1="2" ind2="7">
    <subfield code="a">Amor en la literatura</subfield>
  </datafield>
  <datafield tag="700" ind1="1" ind2=" ">
    <subfield code="a">Boll&#xF3; Puerta, Merc&#xE9;</subfield>
    <subfield code="e">traductor</subfield>
  </datafield>
  <datafield tag="999" ind1=" " ind2=" ">
    <subfield code="c">7672</subfield>
    <subfield code="d">7672</subfield>
  </datafield>
  <datafield tag="952" ind1=" " ind2=" ">
    <subfield code="0">0</subfield>
    <subfield code="1">0</subfield>
    <subfield code="2">ddc</subfield>
    <subfield code="4">0</subfield>
    <subfield code="7">0</subfield>
    <subfield code="8">LA</subfield>
    <subfield code="a">BPMOS</subfield>
    <subfield code="b">BPMOS</subfield>
    <subfield code="d">2020-01-20</subfield>
    <subfield code="i">99514</subfield>
    <subfield code="l">0</subfield>
    <subfield code="o">AP GIB</subfield>
    <subfield code="p">MOS012898</subfield>
    <subfield code="r">2021-01-05</subfield>
    <subfield code="t">ej.1</subfield>
    <subfield code="w">2020-01-20</subfield>
    <subfield code="y">BKLIT</subfield>
    <subfield code="z">Quince d&#xED;as</subfield>
  </datafield>
  <datafield tag="952" ind1=" " ind2=" ">
    <subfield code="0">0</subfield>
    <subfield code="1">0</subfield>
    <subfield code="2">ddc</subfield>
    <subfield code="4">0</subfield>
    <subfield code="7">0</subfield>
    <subfield code="8">LA</subfield>
    <subfield code="a">BPMOS</subfield>
    <subfield code="b">BPMOS</subfield>
    <subfield code="d">2020-01-20</subfield>
    <subfield code="i">99513</subfield>
    <subfield code="l">0</subfield>
    <subfield code="o">AP GIB</subfield>
    <subfield code="p">MOS014652</subfield>
    <subfield code="r">2021-01-05</subfield>
    <subfield code="t">ej.2</subfield>
    <subfield code="w">2020-01-20</subfield>
    <subfield code="y">BKLIT</subfield>
    <subfield code="z">Quince d&#xED;as</subfield>
  </datafield>
</record>
